000 00646nam a2200193Ia 4500
003 GCL
008 140319s9999 xx 000 0 ara d
040 _aGCL /
_cGCL
082 0 4 _a796.9535
_bأ ف
100 1 _aاحمد عيسى
245 1 0 _aفى الصميم رؤى للواقع الرياضى فى الامارات /
_cاحمد عيسى
260 _aالامارات :
_bمركز المعلومات للدراسات والبحوث ،
_c1997
300 _a302 ص
490 _aالبيان
_v0
650 0 4 _aالالعاب
650 0 4 _aالرياضيون
650 0 4 _aالرياضة البدنية - الامارات
942 _2ddc
_cBK
999 _c4121
_d4121